000 01133cam a2200217 4500
001 J122311
008 #DATE n2003 000 0 eng u
035 _a(Sirsi) u122311
041 _aeng
050 _a693.834
_c18
110 _aUnited Kingdom
_bDepartment of Trade and Industry
245 _aNoise impacts of airport developments considered in the national consultation documents
260 _aLondon
_bDTI
_c2003
520 _aThe technical note which examines the impact of aircraft noise caused by airport developments proposed in the national air transport consultation documents. The report reveals that house prices in the Heathrow area could drop by £256m if a third runway is built, based on a one decibel increase in noise resulting in a fall in house prices of between 0.5 and 1%. View the report at www.aviation.dft.gov.uk.
650 _aBUILT ENVIRONMENT-CONSTRUCTION DESIGN-ACOUSTICS
650 _aNOISE POLLUTION
650 _aNOISE
690 _aENVIRONMENTAL AND LAND CONSULTANCY
856 _uhttps://www.aviation.dft.gov.uk/noiseimpact/index.htm
_vView the report on the DTI website...
942 _n0
999 _c102824
_d102824